[Event "CAN-ch U20"]
[Site "Toronto CAN"]
[Date "2023.07.06"]
[Round "1.3"]
[White "Chen, Max"]
[Black "Gao, Lucy"]
[Result "1-0"]
[WhiteElo "2332"]
[BlackElo "1958"]
[PlyCount "53"]
[EventDate "2023.07.06"]
[EventType "swiss"]
[EventRounds "8"]
[EventCountry "CAN"]

1. e4 c5 2. Nf3 g6 3. c3 Bg7 4. d4 cxd4 5. cxd4 d5 6. exd5 Nf6 7. Bb5+ Bd7 8.
Bc4 b5 9. Bb3 O-O 10. O-O Bf5 11. Ne5 Bxb1 12. Rxb1 Nxd5 13. Qe2 a6 14. Bd2 e6
15. Rbc1 Nd7 16. Rc6 N7f6 17. Rfc1 Ne7 18. Nxf7 Rxf7 19. Qxe6 Nxc6 20. Qxf7+
Kh8 21. Rxc6 Qxd4 22. Bc3 Qe4 23. Re6 Qb1+ 24. Re1 Qf5 25. Re7 Rg8 26. Qxg8+
Nxg8 27. Bxg7# 1-0

[Event "CAN-ch U20"]
[Site "Toronto CAN"]
[Date "2023.07.06"]
[Round "1.4"]
[White "Wang, Andy"]
[Black "Demchenko, Svitlana"]
[Result "0-1"]
[WhiteElo "1892"]
[BlackElo "2301"]
[PlyCount "90"]
[EventDate "2023.07.06"]
[EventType "swiss"]
[EventRounds "8"]
[EventCountry "CAN"]

1. e4 c5 2. Nf3 e6 3. d4 cxd4 4. Nxd4 Nc6 5. Nc3 Qc7 6. a3 a6 7. Be2 Nf6 8. Be3
b5 9. O-O Bb7 10. f4 Bc5 11. Nf5 Ne7 12. Bxc5 Qxc5+ 13. Qd4 Qxd4+ 14. Nxd4 Nxe4
15. Bf3 Nd6 16. Bxb7 Nxb7 17. Rfd1 Rc8 18. a4 b4 19. Na2 Nd5 20. Rac1 Ke7 21.
g3 Nd6 22. c3 bxc3 23. Nxc3 Nxc3 24. bxc3 Rc4 25. a5 Rb8 26. Rb1 Rxb1 27. Rxb1
Ra4 28. Nb3 Nc4 29. Rd1 d5 30. Rd4 Ra3 31. Nd2 Rxc3 32. Nxc4 Rxc4 33. Rd2 Ra4
34. Kf2 Rxa5 35. Ke3 Kd6 36. Rb2 Rb5 37. Ra2 a5 38. Kd3 f6 39. Ke3 e5 40. f5
d4+ 41. Ke4 Rb3 42. Re2 a4 43. g4 a3 44. g5 a2 45. Rxa2 Re3# 0-1

[Event "CAN-ch U20"]
[Site "Toronto CAN"]
[Date "2023.07.06"]
[Round "1.5"]
[White "Srinivasan, Hemant"]
[Black "Zhong, April"]
[Result "0-1"]
[WhiteElo "2228"]
[BlackElo "1962"]
[PlyCount "72"]
[EventDate "2023.07.06"]
[EventType "swiss"]
[EventRounds "8"]
[EventCountry "CAN"]

1. d4 d5 2. c4 dxc4 3. Nf3 Nf6 4. e3 e6 5. Bxc4 a6 6. a4 c5 7. O-O Nc6 8. Qe2
Qc7 9. Nc3 Bd6 10. dxc5 Bxc5 11. e4 Ng4 12. g3 O-O 13. Bf4 e5 14. Nd5 Qd6 15.
Be3 Nxe3 16. Nxe3 Qg6 17. Rac1 Bxe3 18. Qxe3 Bg4 19. Nh4 Qh5 20. f3 Bh3 21. Ng2
Rad8 22. Rfd1 Nd4 23. Kf2 Be6 24. h4 Bxc4 25. g4 Qg6 26. Rxc4 h5 27. Rc5 hxg4
28. f4 Nc2 29. Qe2 g3+ 30. Kf1 Nd4 31. Qe3 exf4 32. Nxf4 Qg4 33. Rd3 Ne6 34.
Rxd8 Rxd8 35. Rf5 Nxf4 36. Rxf4 g2+ 0-1

[Event "CAN-ch U20"]
[Site "Toronto CAN"]
[Date "2023.07.06"]
[Round "1.7"]
[White "Qian, Eric"]
[Black "Zhu, Charis"]
[Result "1-0"]
[WhiteElo "2085"]
[BlackElo "1898"]
[PlyCount "135"]
[EventDate "2023.07.06"]
[EventType "swiss"]
[EventRounds "8"]
[EventCountry "CAN"]

1. Nf3 d5 2. c4 d4 3. b4 e6 4. Bb2 c5 5. g3 Nf6 6. Bg2 Be7 7. O-O O-O 8. bxc5
Bxc5 9. d3 Nc6 10. Nbd2 e5 11. Rb1 h6 12. Qa4 Bd7 13. Qc2 Nb4 14. Qd1 Nc6 15.
Nb3 Bb6 16. Ba3 Re8 17. Nc5 Qc7 18. Nxd7 Nxd7 19. Nd2 Bc5 20. Qb3 b6 21. Ne4
Na5 22. Qa4 Nb7 23. Nxc5 Nbxc5 24. Qc2 Rad8 25. Bc1 Nf6 26. h3 e4 27. Bf4 Qd7
28. Rbe1 Qf5 29. Rd1 g5 30. Bc1 Qg6 31. Bb2 e3 32. fxe3 Rxe3 33. Rf3 Nh5 34.
Rxe3 dxe3 35. Qc3 Kh7 36. Qe5 Qe6 37. Rf1 Qxe5 38. Bxe5 Re8 39. d4 Rxe5 40.
dxe5 Nxg3 41. Rxf7+ Kg6 42. Rf6+ Kg7 43. Bf3 h5 44. Rc6 Kf7 45. Kg2 h4 46. Bg4
Nce4 47. e6+ Ke8 48. Rc8+ Ke7 49. Rc7+ Ke8 50. e7 Nd6 51. Bf3 Nge4 52. Bh5+ Nf7
53. Rc8+ Kxe7 54. Rc7+ Kd6 55. Rxf7 Ng3 56. Bf3 a5 57. Bd5 Nxe2 58. Rf6+ Ke5
59. Rxb6 Nf4+ 60. Kf3 e2 61. Kf2 Kd4 62. Rb3 a4 63. Re3 Nd3+ 64. Kxe2 Nc1+ 65.
Kd2 Nxa2 66. Ra3 Nb4 67. Rxa4 Nd3 68. c5+ 1-0

[Event "CAN-ch U20"]
[Site "Toronto CAN"]
[Date "2023.07.06"]
[Round "1.8"]
[White "Gao, Heye"]
[Black "Zhu, Matthew"]
[Result "0-1"]
[WhiteElo "1821"]
[BlackElo "2127"]
[PlyCount "86"]
[EventDate "2023.07.06"]
[EventType "swiss"]
[EventRounds "8"]
[EventCountry "CAN"]

1. e4 c5 2. Nf3 d6 3. d4 cxd4 4. Nxd4 Nf6 5. Nc3 a6 6. f3 e5 7. Nb3 Be7 8. Be3
Be6 9. Qd2 h5 10. Be2 Nbd7 11. Nd5 Bxd5 12. exd5 e4 13. fxe4 Nxe4 14. Qb4 Ndf6
15. Qxb7 O-O 16. O-O-O Nc5 17. h3 Rb8 18. Qa7 Nfe4 19. Bf4 Nd7 20. Qe3 Nec5 21.
Rhe1 Re8 22. Bxh5 Qb6 23. Qg3 a5 24. Bh6 Bf8 25. Rxe8 Rxe8 26. Rf1 Ne5 27. Bf4
Ne4 28. Qh4 Nf6 29. Nd2 Qd4 30. Nf3 Qc4 31. Rd1 Nxh5 32. Rd4 Nxf3 33. Rxc4 Nxh4
34. Bxd6 Bxd6 35. Rxh4 Nf4 36. Rg4 f5 37. Rh4 Re4 38. g4 Be7 39. Rh5 Nxh5 40.
gxh5 Rd4 41. c3 Rxd5 42. c4 Rd3 43. Kc2 Rxh3 0-1

[Event "CAN-ch U20"]
[Site "Toronto CAN"]
[Date "2023.07.06"]
[Round "1.9"]
[White "Yuen, Noah Nathaniel"]
[Black "Jiang, Hancy"]
[Result "1-0"]
[WhiteElo "2111"]
[BlackElo "1843"]
[PlyCount "99"]
[EventDate "2023.07.06"]
[EventType "swiss"]
[EventRounds "8"]
[EventCountry "CAN"]

1. d4 Nf6 2. c4 g6 3. Nc3 Bg7 4. e4 O-O 5. Nf3 d6 6. Be2 e5 7. d5 Nbd7 8. Bg5
h6 9. Bh4 a5 10. Nd2 Nc5 11. b3 g5 12. Bg3 Nfxe4 13. Ncxe4 Nxe4 14. Nxe4 f5 15.
Bd3 f4 16. O-O Qe7 17. Qe2 Bf5 18. a3 fxg3 19. hxg3 Bh8 20. b4 Rf7 21. Rac1 h5
22. c5 h4 23. cxd6 cxd6 24. bxa5 g4 25. Bb1 Raf8 26. a6 Rh7 27. axb7 h3 28.
Nxd6 hxg2 29. Kxg2 Bxb1 30. Qxg4+ Rg7 31. Qe6+ Qxe6 32. dxe6 Ba2 33. Rfd1 Bxe6
34. Rc8 Bxc8 35. bxc8=Q Rxc8 36. Nxc8 Rc7 37. Nb6 Bf6 38. Nd5 Rc6 39. a4 Kf7
40. Nxf6 Kxf6 41. a5 Ra6 42. Ra1 Kf5 43. Kf3 e4+ 44. Ke3 Ke5 45. Ra4 Kf5 46.
Kd4 Re6 47. a6 e3 48. g4+ Kxg4 49. fxe3 Kf3 50. Ra3 1-0

[Event "CAN-ch U20"]
[Site "Toronto CAN"]
[Date "2023.07.06"]
[Round "1.10"]
[White "Malakar, Saarthak"]
[Black "Zhong, Ryan Yunhui"]
[Result "0-1"]
[WhiteElo "1979"]
[BlackElo "1949"]
[PlyCount "122"]
[EventDate "2023.07.06"]
[EventType "swiss"]
[EventRounds "8"]
[EventCountry "CAN"]

1. d4 d5 2. Nf3 Nf6 3. g3 e6 4. Bg2 c5 5. O-O Nc6 6. c4 dxc4 7. Ne5 Nxe5 8.
dxe5 Nd7 9. f4 Rb8 10. a4 a6 11. a5 b5 12. axb6 Qxb6 13. Na3 Qb3 14. Qxb3 cxb3
15. Nc4 Rb5 16. Na5 f6 17. Bd2 Rb6 18. Nc4 Rb8 19. Na3 Rb6 20. Nc4 Rb8 21. Ba5
Be7 22. Rfd1 Kf7 23. Bc6 Nf8 24. Nd6+ Bxd6 25. exd6 Bd7 26. Bc7 Bxc6 27. Bxb8
Nd7 28. Bc7 Ra8 29. Kf2 e5 30. fxe5 Nxe5 31. Rdc1 c4 32. d7 Nxd7 33. Rxc4 Bb5
34. Rd4 Re8 35. e3 Nc5 36. Bb6 Nd3+ 37. Kf3 Nxb2 38. Rb4 Nc4 39. Bd4 Rc8 40.
Bc3 Bc6+ 41. Ke2 Bb5 42. Kf3 Nd6 43. Rxb3 Bc4 44. Rb6 Bd5+ 45. Ke2 Ne4 46. Bb4
Bc4+ 47. Ke1 Bb5 48. Bd2 Rc2 49. Rd1 Nc5 50. Kf2 Nd3+ 51. Kg2 Nb2 52. Rc1 Rxd2+
53. Kf3 Nc4 54. Rb7+ Kg6 55. Rc7 Ne5+ 56. Ke4 Kh6 57. Kf5 Bd7+ 58. Ke4 Be6 59.
R1c5 Ba2 60. Rc1 Bd5+ 61. Kf5 Rf2# 0-1

[Event "CAN-ch U20"]
[Site "Toronto CAN"]
[Date "2023.07.06"]
[Round "1.11"]
[White "Joseph, Jonath"]
[Black "Wu, Nolan"]
[Result "1/2-1/2"]
[WhiteElo "2022"]
[BlackElo "1821"]
[PlyCount "70"]
[EventDate "2023.07.06"]
[EventType "swiss"]
[EventRounds "8"]
[EventCountry "CAN"]

1. Nf3 Nf6 2. b3 g6 3. Bb2 Bg7 4. e3 O-O 5. Be2 d6 6. d4 Nbd7 7. O-O b6 8. c4
Bb7 9. Nc3 Re8 10. Qd2 e6 11. Rfd1 Qe7 12. Rac1 a6 13. Qc2 Rac8 14. Qb1 Rcd8
15. Qa1 h6 16. a4 Nh7 17. b4 f5 18. Na2 g5 19. c5 Ndf8 20. Ne1 g4 21. Nd3 Ng6
22. c6 Bc8 23. Nf4 Qg5 24. g3 Nhf8 25. Bf1 Re7 26. Nc3 Rde8 27. Bg2 Kh7 28.
Nce2 e5 29. dxe5 dxe5 30. Nd5 Rf7 31. Nef4 Be6 32. Nd3 Bc8 33. N3f4 Be6 34. Nd3
Bc8 35. N3f4 Be6 1/2-1/2

[Event "CAN-ch U20"]
[Site "Toronto CAN"]
[Date "2023.07.06"]
[Round "2.2"]
[White "Zhong, April"]
[Black "Chen, Max"]
[Result "0-1"]
[WhiteElo "1962"]
[BlackElo "2332"]
[PlyCount "78"]
[EventDate "2023.07.06"]
[EventType "swiss"]
[EventRounds "8"]
[EventCountry "CAN"]

1. e4 e5 2. Nf3 Nc6 3. d4 exd4 4. Nxd4 Nf6 5. Nc3 Bb4 6. Nxc6 bxc6 7. Bd3 d5 8.
exd5 Qe7+ 9. Qe2 Qxe2+ 10. Kxe2 cxd5 11. Nb5 Kd7 12. Be3 Re8 13. c3 Bf8 14.
Rhd1 c6 15. Nd4 Ng4 16. Rac1 Kc7 17. Kf3 Nxh2+ 18. Kg3 Bd6+ 19. Bf4 Bxf4+ 20.
Kxf4 Ng4 21. Kg3 c5 22. Nf3 Nf6 23. Ng5 Be6 24. c4 d4 25. Re1 Kd6 26. f4 h6 27.
Ne4+ Nxe4+ 28. Bxe4 Rab8 29. f5 Bd7 30. Rb1 Rxe4 31. Rxe4 Bxf5 32. Ree1 Bxb1
33. Rxb1 Rb7 34. Kf4 Re7 35. g4 Re2 36. Kf3 Re3+ 37. Kf4 g5+ 38. Kf5 Rf3+ 39.
Ke4 Rf4+ 0-1

[Event "CAN-ch U20"]
[Site "Toronto CAN"]
[Date "2023.07.06"]
[Round "2.4"]
[White "Demchenko, Svitlana"]
[Black "Qian, Eric"]
[Result "1-0"]
[WhiteElo "2301"]
[BlackElo "2085"]
[PlyCount "111"]
[EventDate "2023.07.06"]
[EventType "swiss"]
[EventRounds "8"]
[EventCountry "CAN"]

1. d4 d5 2. Nf3 Nf6 3. c3 e6 4. Bf4 Bd6 5. e3 O-O 6. Bg3 b6 7. Nbd2 c5 8. Bd3
Ba6 9. Bxa6 Nxa6 10. Qe2 Nb8 11. e4 dxe4 12. Nxe4 Be7 13. Nxf6+ Bxf6 14. dxc5
bxc5 15. O-O Nd7 16. Rfd1 Qc8 17. Nd2 Nb6 18. Bd6 Re8 19. Ne4 Be7 20. Qb5 Nd7
21. Rd2 a6 22. Qc4 Qc6 23. Rad1 h6 24. b4 Nb6 25. Qxc5 Qxe4 26. Qxb6 Red8 27.
f3 Rxd6 28. Rxd6 Qc2 29. R6d3 Qxa2 30. Qc6 Rb8 31. Rd7 Bg5 32. f4 Bf6 33. Qc7
Rf8 34. c4 Qb3 35. c5 Qxb4 36. c6 Qc5+ 37. Kh1 a5 38. Qd6 Qc3 39. c7 Rc8 40.
Rd8+ Bxd8 41. cxd8=Q+ Rxd8 42. Qxd8+ Kh7 43. Qd3+ Qxd3 44. Rxd3 Kg6 45. Ra3 Kf5
46. g3 g5 47. Rxa5+ Kg6 48. Kg2 gxf4 49. gxf4 f6 50. Kf3 h5 51. f5+ exf5 52.
Kf4 Kg7 53. Kxf5 h4 54. Ra7+ Kh6 55. h3 Kh5 56. Rh7# 1-0

[Event "CAN-ch U20"]
[Site "Toronto CAN"]
[Date "2023.07.06"]
[Round "2.5"]
[White "Zhong, Ryan Yunhui"]
[Black "Zheng, Victor"]
[Result "1-0"]
[WhiteElo "1949"]
[BlackElo "2068"]
[PlyCount "87"]
[EventDate "2023.07.06"]
[EventType "swiss"]
[EventRounds "8"]
[EventCountry "CAN"]

1. e4 c5 2. Nf3 d6 3. Bb5+ Bd7 4. Bxd7+ Qxd7 5. O-O Nc6 6. c3 Nf6 7. Re1 e6 8.
d4 cxd4 9. cxd4 d5 10. e5 Ne4 11. Nbd2 Nxd2 12. Bxd2 Be7 13. Rc1 O-O 14. Rc3
Rac8 15. a3 b5 16. Rd3 Qd8 17. h4 b4 18. Ng5 bxa3 19. Qh5 h6 20. bxa3 Rc7 21.
Rg3 Nxd4 22. Ba5 Nf5 23. Rc3 Rxc3 24. Bxd8 Rxd8 25. Nf3 g6 26. Qg4 Rc4 27. Qh3
h5 28. g3 Bc5 29. Rd1 Rc3 30. g4 hxg4 31. Qxg4 Rc4 32. Qh3 Kg7 33. Rb1 Bb6 34.
Qg2 Rc2 35. Rxb6 axb6 36. Qg5 Rc4 37. h5 Kh7 38. Kf1 Rg8 39. Qf6 Rc1+ 40. Ke2
Rc2+ 41. Kd1 Rxf2 42. Ng5+ Kh6 43. Nxf7+ Kh7 44. hxg6+ 1-0

[Event "CAN-ch U20"]
[Site "Toronto CAN"]
[Date "2023.07.06"]
[Round "2.6"]
[White "Hua, Eugene"]
[Black "Joseph, Jonath"]
[Result "1-0"]
[WhiteElo "2370"]
[BlackElo "2022"]
[PlyCount "81"]
[EventDate "2023.07.06"]
[EventType "swiss"]
[EventRounds "8"]
[EventCountry "CAN"]

1. c4 Nf6 2. g3 e6 3. Bg2 d5 4. Nf3 Be7 5. O-O O-O 6. b3 b6 7. Bb2 Bb7 8. e3 c5
9. Nc3 Nc6 10. cxd5 Nxd5 11. Nxd5 exd5 12. d4 Bf6 13. Qd2 Qe7 14. Rfd1 Rfd8 15.
Rac1 Rac8 16. Ba3 Nb8 17. dxc5 bxc5 18. Qa5 Na6 19. Nd4 Qc7 20. Qxc7 Rxc7 21.
Nb5 Rcd7 22. Nxa7 d4 23. Bxb7 Rxb7 24. Nc6 Rc8 25. Nxd4 h6 26. Nf5 Ra8 27. Nd6
Rba7 28. Ne4 Be7 29. Bb2 f5 30. Nc3 Bf6 31. Na4 Bxb2 32. Nxb2 Nb4 33. a4 Rc7
34. Nd3 Na6 35. Rc3 Rd7 36. Rdc1 Rc8 37. b4 c4 38. b5 Ra8 39. Ne5 Rd5 40. Nc6
Nc5 41. Ne7+ 1-0

[Event "CAN-ch U20"]
[Site "Toronto CAN"]
[Date "2023.07.06"]
[Round "2.7"]
[White "Wu, Nolan"]
[Black "Guo, Anni"]
[Result "1/2-1/2"]
[WhiteElo "1821"]
[BlackElo "2038"]
[PlyCount "74"]
[EventDate "2023.07.06"]
[EventType "swiss"]
[EventRounds "8"]
[EventCountry "CAN"]

1. e4 g6 2. d4 Bg7 3. Nc3 d6 4. Be3 a6 5. Qd2 Nd7 6. f3 h6 7. Nge2 e6 8. Ng3
Ne7 9. Be2 b6 10. O-O Bb7 11. Rad1 f5 12. Bc4 d5 13. Bb3 Nf6 14. Nce2 dxe4 15.
fxe4 Nxe4 16. Nxe4 Bxe4 17. Nf4 Nd5 18. Nxe6 Qd7 19. Nxg7+ Qxg7 20. Bxd5 Bxd5
21. Bf4 Qf7 22. Rfe1+ Be4 23. Be5 Rh7 24. b3 O-O-O 25. c4 Qe6 26. Qc3 Re7 27.
Rc1 c5 28. Re2 cxd4 29. Bxd4 Red7 30. c5 b5 31. Rd1 Qc6 32. Red2 Rd5 33. b4 Kb7
34. g3 g5 35. Be3 Rxd2 36. Rxd2 Rxd2 37. Qxd2 Qd5 1/2-1/2

[Event "CAN-ch U20"]
[Site "Toronto CAN"]
[Date "2023.07.06"]
[Round "2.8"]
[White "Zhu, Charis"]
[Black "Srinivasan, Hemant"]
[Result "1-0"]
[WhiteElo "1898"]
[BlackElo "2228"]
[PlyCount "83"]
[EventDate "2023.07.06"]
[EventType "swiss"]
[EventRounds "8"]
[EventCountry "CAN"]

1. d4 d5 2. c4 e6 3. Nc3 Nf6 4. cxd5 exd5 5. Bg5 Bb4 6. e3 h6 7. Bh4 g5 8. Bg3
Ne4 9. Qc2 c5 10. Bd3 Bf5 11. Nge2 c4 12. Bxe4 Bxe4 13. Qa4+ Nc6 14. O-O Bd3
15. Rfe1 h5 16. h3 h4 17. Be5 f6 18. Bh2 Kf7 19. a3 Bd6 20. Bxd6 Qxd6 21. Qb5
Ne7 22. Nc1 g4 23. hxg4 Rag8 24. Nxd3 cxd3 25. Qxd3 f5 26. Rac1 Rxg4 27. Nb5
Qg6 28. Rc7 Rxg2+ 29. Kf1 Qg4 30. Qxf5+ Qxf5 31. Nd6+ Ke6 32. Nxf5 h3 33. Nxe7
Rg7 34. Nxd5 h2 35. Nf4+ Kd6 36. Rxg7 h1=Q+ 37. Ke2 Qe4 38. Rc1 Rh7 39. Rg6+
Kd7 40. Ne6 Qh4 41. Rc7+ Kd6 42. Rxh7 1-0

[Event "CAN-ch U20"]
[Site "Toronto CAN"]
[Date "2023.07.06"]
[Round "2.9"]
[White "Zhao, Jifan"]
[Black "Ruchinskaya, Valerie"]
[Result "0-1"]
[WhiteElo "2195"]
[BlackElo "1936"]
[PlyCount "60"]
[EventDate "2023.07.06"]
[EventType "swiss"]
[EventRounds "8"]
[EventCountry "CAN"]

1. e4 e6 2. d4 d5 3. Nc3 Bb4 4. e5 c5 5. Bd2 Ne7 6. Nb5 Bxd2+ 7. Qxd2 O-O 8. c3
a6 9. Nd6 Nbc6 10. f4 cxd4 11. cxd4 f6 12. Nf3 Qb6 13. Be2 fxe5 14. fxe5 Bd7
15. Qe3 Nxe5 16. Qxe5 Ng6 17. Qe3 Qxd6 18. O-O Rae8 19. Bd3 Qf4 20. Qe2 Nh4 21.
Ne5 Qxd4+ 22. Kh1 Bc8 23. Rad1 Rxf1+ 24. Rxf1 Nf5 25. Bb1 g6 26. Ng4 Bd7 27.
Rd1 Qg7 28. Qf2 Rf8 29. Qf4 h5 30. Ne5 g5 0-1

[Event "CAN-ch U20"]
[Site "Toronto CAN"]
[Date "2023.07.06"]
[Round "2.10"]
[White "Jiang, Hancy"]
[Black "Malakar, Saarthak"]
[Result "0-1"]
[WhiteElo "1843"]
[BlackElo "1979"]
[PlyCount "96"]
[EventDate "2023.07.06"]
[EventType "swiss"]
[EventRounds "8"]
[EventCountry "CAN"]

1. d4 c6 2. Nf3 d5 3. e3 Bf5 4. Bd3 Bg6 5. Nbd2 Nd7 6. b3 Ngf6 7. Bb2 e6 8. Qe2
Be7 9. h3 O-O 10. Bxg6 hxg6 11. Ne5 Qa5 12. a3 c5 13. dxc5 Qxc5 14. c4 Nxe5 15.
Bxe5 dxc4 16. Nxc4 b5 17. Bd4 Qd5 18. Nd2 Qxg2 19. O-O-O Bxa3+ 20. Kb1 Ne4 21.
Rdg1 Qxf2 22. Qxf2 Nxf2 23. Rh2 Nd3 24. h4 Bc5 25. h5 Bxd4 26. exd4 gxh5 27.
Ne4 f5 28. Ng5 g6 29. Nxe6 Rf6 30. Nc7 Rc8 31. Nd5 Re6 32. Rxh5 Re1+ 33. Rxe1
Nxe1 34. Rh1 Rd8 35. Ne7+ Kf7 36. Nc6 Re8 37. Ne5+ Rxe5 38. dxe5 Nd3 39. Rh7+
Ke6 40. Rxa7 Nxe5 41. Rb7 f4 42. Kc1 g5 43. Rxb5 g4 44. Kd2 g3 45. Ke2 f3+ 46.
Ke3 f2 47. Ke2 Ng4 48. Rb4 g2 0-1

[Event "CAN-ch U20"]
[Site "Toronto CAN"]
[Date "2023.07.06"]
[Round "2.11"]
[White "Gao, Lucy"]
[Black "Wang, Andy"]
[Result "1/2-1/2"]
[WhiteElo "1958"]
[BlackElo "1892"]
[PlyCount "43"]
[EventDate "2023.07.06"]
[EventType "swiss"]
[EventRounds "8"]
[EventCountry "CAN"]

1. e4 e5 2. Nf3 Nc6 3. d4 exd4 4. Bc4 Bc5 5. Ng5 Nh6 6. Nxf7 Nxf7 7. Bxf7+ Kxf7
8. Qh5+ g6 9. Qxc5 d6 10. Qc4+ Be6 11. Qe2 Kg7 12. O-O Rf8 13. c3 Qf6 14. b3
dxc3 15. Nxc3 Kg8 16. Bb2 Qg5 17. Kh1 Rae8 18. f3 Rf7 19. Rad1 Ref8 20. Qc2 Qh5
21. Ne2 Ne5 22. Ng3 1/2-1/2

[Event "CAN-ch U20"]
[Site "Toronto CAN"]
[Date "2023.07.07"]
[Round "3.2"]
[White "Chen, Max"]
[Black "Zhong, Ryan Yunhui"]
[Result "1-0"]
[WhiteElo "2332"]
[BlackElo "1949"]
[PlyCount "85"]
[EventDate "2023.07.06"]
[EventType "swiss"]
[EventRounds "8"]
[EventCountry "CAN"]

1. e4 e6 2. Qe2 c5 3. Nf3 Nc6 4. g3 Bd6 5. Bg2 Nge7 6. O-O Bc7 7. Rd1 b6 8. d4
cxd4 9. Nxd4 Bb7 10. Nb5 a6 11. Nd6+ Bxd6 12. Rxd6 Nc8 13. Rd1 d6 14. c4 Qc7
15. b3 O-O 16. Nc3 Rd8 17. Be3 Rb8 18. Rd2 N6e7 19. Qd3 Bc6 20. a4 Rd7 21. b4
Na7 22. Bh3 Rdd8 23. Rad1 Nac8 24. c5 bxc5 25. bxc5 Qa5 26. Qc2 d5 27. Bg2 Na7
28. exd5 exd5 29. Nxd5 Nxd5 30. Bxd5 Re8 31. Qf5 Rb7 32. Bxc6 Nxc6 33. Rd7 Rxd7
34. Rxd7 Ne5 35. Re7 Qxa4 36. Qxe5 Rd8 37. h4 Qc6 38. Qe4 Qc8 39. c6 Kh8 40. c7
Rf8 41. Qe5 f6 42. Qd6 a5 43. Rd7 1-0

[Event "CAN-ch U20"]
[Site "Toronto CAN"]
[Date "2023.07.07"]
[Round "3.3"]
[White "Hua, Eugene"]
[Black "Demchenko, Svitlana"]
[Result "1/2-1/2"]
[WhiteElo "2370"]
[BlackElo "2301"]
[PlyCount "144"]
[EventDate "2023.07.06"]
[EventType "swiss"]
[EventRounds "8"]
[EventCountry "CAN"]

1. e4 c5 2. Nf3 e6 3. d4 cxd4 4. Nxd4 Nc6 5. Nc3 Qc7 6. g3 Nf6 7. Bf4 e5 8.
Ndb5 Qb8 9. Bg5 a6 10. Bxf6 gxf6 11. Na3 b5 12. Nd5 Bg7 13. Bh3 Ne7 14. c3 Nxd5
15. Qxd5 O-O 16. O-O Rd8 17. Qd3 d5 18. Bxc8 Qxc8 19. exd5 f5 20. Rad1 e4 21.
Qe3 Rd6 22. Nc2 Qd7 23. Nb4 Kh8 24. Qf4 Re8 25. Rfe1 Bh6 26. Qh4 f4 27. Nc6 Rg6
28. Kh1 Bg5 29. Qh5 f3 30. Nd4 Qxd5 31. Nxf3 Qc5 32. Nxg5 Rxg5 33. Qxf7 Rf8 34.
Qe6 Re5 35. Qd6 Qxd6 36. Rxd6 Rxf2 37. Rxa6 Rxb2 38. a4 bxa4 39. Rxa4 e3 40.
Kg1 Rc2 41. Rc4 Kg7 42. Rc6 Rd5 43. Re6 Rxc3 44. R6xe3 Rxe3 45. Rxe3 Rd2 46.
Rf3 Kg6 47. Rf2 Rd3 48. Kg2 Rc3 49. Re2 Rc6 50. Kf3 Ra6 51. Rf2 Rf6+ 52. Kg2
Rc6 53. Kh3 Rc5 54. Rd2 Rc6 55. Rd4 Rc2 56. Rd6+ Kg5 57. Rd7 Kg6 58. g4 Ra2 59.
Kg3 Ra6 60. Kh4 h5 61. gxh5+ Kh6 62. Rd4 Rb6 63. Kg4 Ra6 64. Re4 Rb6 65. h4 Ra6
66. Re8 Ra4+ 67. Kf5 Ra5+ 68. Kf6 Ra6+ 69. Kf7 Kxh5 70. Re4 Rb6 71. Re6 Rxe6
72. Kxe6 Kxh4 1/2-1/2

[Event "CAN-ch U20"]
[Site "Toronto CAN"]
[Date "2023.07.07"]
[Round "3.4"]
[White "Ruchinskaya, Valerie"]
[Black "Zhu, Matthew"]
[Result "1/2-1/2"]
[WhiteElo "1936"]
[BlackElo "2127"]
[PlyCount "98"]
[EventDate "2023.07.06"]
[EventType "swiss"]
[EventRounds "8"]
[EventCountry "CAN"]

1. d4 Nf6 2. Bf4 g6 3. Nc3 d5 4. Qd2 Bg7 5. Bh6 O-O 6. O-O-O c5 7. Bxg7 Kxg7 8.
e3 c4 9. f3 Qa5 10. e4 b5 11. e5 Ng8 12. Nxd5 Qxa2 13. Qb4 Rd8 14. Nc3 Qa1+ 15.
Nb1 Nc6 16. Qa3 Qxa3 17. Nxa3 a6 18. c3 Ra7 19. Ne2 Rad7 20. f4 Nh6 21. h3 Nf5
22. Nc2 Bb7 23. Rg1 Na5 24. g4 Nh4 25. Ng3 Kf8 26. Be2 Nf3 27. Rgf1 Nb3+ 28.
Kb1 Nfd2+ 29. Ka2 Nxf1 30. Bxf1 a5 31. Ne3 Bf3 32. Be2 Bxe2 33. Nxe2 Nc5 34.
Rf1 Ne4 35. f5 b4 36. Rf4 Nd2 37. fxg6 hxg6 38. e6 Rb7 39. Rxf7+ Kg8 40. Nf4
bxc3 41. bxc3 Ne4 42. Nfd5 Kh8 43. Ka1 Rdb8 44. Nxc4 Nxc3 45. Nxc3 Rc7 46. Ne5
Rxc3 47. Nxg6+ Kg8 48. Nxe7+ Kh8 49. Ng6+ Kg8 1/2-1/2

[Event "CAN-ch U20"]
[Site "Toronto CAN"]
[Date "2023.07.07"]
[Round "3.5"]
[White "Yuen, Noah Nathaniel"]
[Black "Zhong, April"]
[Result "1-0"]
[WhiteElo "2111"]
[BlackElo "1962"]
[PlyCount "51"]
[EventDate "2023.07.06"]
[EventType "swiss"]
[EventRounds "8"]
[EventCountry "CAN"]

1. d4 d5 2. c4 dxc4 3. Nf3 Nf6 4. e3 e6 5. Bxc4 a6 6. O-O b5 7. Bb3 Bb7 8. Nc3
Nbd7 9. Qe2 c5 10. Rd1 Rc8 11. e4 c4 12. Bc2 b4 13. Na4 Be7 14. Bg5 O-O 15. Ne5
Nxe5 16. dxe5 Nd7 17. Nb6 Qxb6 18. Bxe7 Rfe8 19. Rxd7 b3 20. Qh5 g6 21. Qg5
bxc2 22. Bf6 Qxb2 23. Rf1 Qb1 24. Qh6 Qxf1+ 25. Kxf1 Bxe4 26. Qg7# 1-0

[Event "CAN-ch U20"]
[Site "Toronto CAN"]
[Date "2023.07.07"]
[Round "3.6"]
[White "Qian, Eric"]
[Black "Gao, Heye"]
[Result "0-1"]
[WhiteElo "2085"]
[BlackElo "1821"]
[PlyCount "96"]
[EventDate "2023.07.06"]
[EventType "swiss"]
[EventRounds "8"]
[EventCountry "CAN"]

1. Nf3 Nf6 2. c4 g6 3. Nc3 Bg7 4. g3 d6 5. Bg2 Nc6 6. d4 e5 7. d5 Ne7 8. e4 O-O
9. O-O Ne8 10. Ne1 f5 11. f3 h6 12. Nd3 g5 13. Bd2 f4 14. g4 Ng6 15. Be1 Rf7
16. Rc1 Bf8 17. b4 Rg7 18. c5 Nf6 19. Qc2 h5 20. h3 hxg4 21. hxg4 Nh4 22. Bxh4
gxh4 23. Bh3 Kh8 24. Kh2 a6 25. Na4 Bd7 26. Rg1 Nh7 27. c6 bxc6 28. dxc6 Be6
29. Rcd1 Ng5 30. Ne1 Qe8 31. a3 Qf7 32. Rd3 Rd8 33. Nc3 Bc4 34. Rd2 d5 35. exd5
Bxd5 36. Qd3 Rg6 37. Nxd5 Rgd6 38. Qf5 Qg7 39. Rf1 Rxd5 40. Rxd5 Rxd5 41. Ng2
Rd2 42. Qb1 e4 43. Qe1 e3 44. Qxh4+ Qh6 45. Qh5 e2 46. Rc1 Qxh5 47. gxh5 Nxf3+
48. Kh1 Rd1+ 0-1

[Event "CAN-ch U20"]
[Site "Toronto CAN"]
[Date "2023.07.07"]
[Round "3.7"]
[White "Guo, Anni"]
[Black "Zhu, Charis"]
[Result "1/2-1/2"]
[WhiteElo "2038"]
[BlackElo "1898"]
[PlyCount "50"]
[EventDate "2023.07.06"]
[EventType "swiss"]
[EventRounds "8"]
[EventCountry "CAN"]

1. e4 e5 2. Nf3 Nc6 3. Bb5 a6 4. Bxc6 dxc6 5. O-O Bd6 6. d4 Bg4 7. dxe5 Bxf3 8.
Qxf3 Bxe5 9. Nd2 Nf6 10. Nc4 Qe7 11. Bg5 h6 12. Bxf6 Qxf6 13. Qh5 g5 14. Rad1
Rd8 15. Qh3 Bd4 16. Rd3 O-O 17. c3 Ba7 18. Na5 Rxd3 19. Qxd3 Rd8 20. Qe2 b5 21.
e5 Qe6 22. Qf3 Rd5 23. c4 bxc4 24. Nxc4 Rd4 25. b3 Qd5 1/2-1/2

[Event "CAN-ch U20"]
[Site "Toronto CAN"]
[Date "2023.07.07"]
[Round "3.8"]
[White "Malakar, Saarthak"]
[Black "Wu, Nolan"]
[Result "0-1"]
[WhiteElo "1979"]
[BlackElo "1821"]
[PlyCount "112"]
[EventDate "2023.07.06"]
[EventType "swiss"]
[EventRounds "8"]
[EventCountry "CAN"]

1. d4 Nf6 2. Nf3 g6 3. g3 Bg7 4. Bg2 c5 5. d5 b5 6. O-O d6 7. Re1 O-O 8. e4
Nbd7 9. c4 bxc4 10. Nbd2 Rb8 11. Nxc4 Ba6 12. Nfd2 Nb6 13. Na5 Bb5 14. a4 Bd7
15. Ndc4 Ng4 16. Ra2 Bd4 17. b3 f5 18. h3 Ne5 19. Be3 Bxe3 20. Nxe5 Bxf2+ 21.
Rxf2 dxe5 22. exf5 Qc7 23. fxg6 hxg6 24. Rfe2 c4 25. Nc6 Bxc6 26. dxc6 e4 27.
Rxe4 Qxg3 28. Rg4 Qf2+ 29. Kh1 Rbd8 30. Qb1 Rd3 31. Rf1 Qe2 32. Rxf8+ Kxf8 33.
Qf1+ Qxf1+ 34. Bxf1 Rd1 35. Kg2 c3 36. Rf4+ Ke8 37. Rf2 Nd5 38. Bb5 Kd8 39. Kf3
Nb4 40. Ke3 c2 41. Rd2+ Kc7 42. Be2 Nd5+ 43. Kd3 c1=N+ 44. Kc2 Rxd2+ 45. Kxd2
Nxe2 46. Kxe2 Kxc6 47. Kf3 Kd6 48. Kg4 Ke6 49. Kg5 Kf7 50. a5 e5 51. Kg4 e4 52.
h4 Kf6 53. a6 Ke5 54. Kg5 e3 55. Kxg6 e2 56. h5 e1=Q 0-1